000
00215 a2200097 4500
001
30207
100
_a
Stone, Irring
245
_a
My favourites in suspense
260
_a
London
_b
Pan Book
_c
090
_c
20150
_d
20150
942
_a
NUST-CAE
_c
M
_c
11282
999
_c
265280
_d
265280